[Event "4NCL Division 2c"]
[Site "Birmingham Airport ENG"]
[Date "2015.03.29"]
[Round "8.215"]
[White "Bentley, John L"]
[Black "Prior, Stephen"]
[Result "0-1"]
[WhiteElo "2205"]
[BlackElo "1998"]
[PlyCount "84"]
[EventDate "2015.03.29"]
[WhiteTeam "3Cs"]
[BlackTeam "Grantham Sharks 2"]

1. d4 d5 2. c4 c6 3. Nf3 Nf6 4. e3 e6 5. b3 c5 6. Bb2 Nc6 7. Bd3 Bd6 8. O-O Nb4
9. Be2 O-O 10. Nbd2 Re8 11. Ne5 Bd7 12. a3 Nc6 13. Bd3 Qc7 14. f4 Qb6 15. Ndf3
h6 16. Qe2 a5 17. g4 Bxe5 18. Nxe5 Nxe5 19. dxc5 Qxb3 20. Bxe5 Bc6 21. a4 dxc4
22. Bc2 Qb4 23. Bd4 Ne4 24. g5 Qd2 25. Qg4 h5 26. Qd1 Nxg5 27. Bh7+ Kf8 28. e4
Qxd1 29. Raxd1 Bxe4 30. fxg5 Bxh7 31. Be5 Bd3 32. Rf2 Red8 33. Bd6+ Kg8 34. Re1
Rd7 35. Rb2 g6 36. Re3 c3 37. Rb3 c2 38. Rc3 Bf5 39. Kf2 Rc8 40. Ke2 Bg4+ 41.
Kd2 Bf5 42. Kc1 Rc6 0-1

[Event "4NCL Division 2c"]
[Site "Birmingham Airport ENG"]
[Date "2015.03.29"]
[Round "8.216"]
[White "Birtwistle, Nigel"]
[Black "Walton, Alan J"]
[Result "1/2-1/2"]
[WhiteElo "2132"]
[BlackElo "2198"]
[PlyCount "69"]
[EventDate "2015.03.29"]
[WhiteTeam "Grantham Sharks 2"]
[BlackTeam "3Cs"]

1. Nf3 f5 2. g3 Nf6 3. Bg2 d6 4. d4 e6 5. O-O Be7 6. c4 O-O 7. Nc3 Ne4 8. Qc2
Nxc3 9. Qxc3 a5 10. b3 Nc6 11. Bb2 Bf6 12. e3 Qe7 13. a3 e5 14. b4 Re8 15. b5
Nd8 16. a4 Nf7 17. Nd2 e4 18. Ba3 b6 19. f3 exf3 20. Bxf3 Rb8 21. Rae1 Ng5 22.
Bc6 Bd7 23. Bxd7 Qxd7 24. Qd3 Ne4 25. Nxe4 Rxe4 26. Bc1 Rbe8 27. Bd2 h5 28. Rf4
Bg5 29. Rxe4 Rxe4 30. Rf1 h4 31. gxh4 Bxh4 32. Rf4 Qe6 33. Rxe4 Qg6+ 34. Kh1
fxe4 35. Qe2 1/2-1/2

[Event "4NCL Division 2c"]
[Site "Birmingham Airport ENG"]
[Date "2015.03.29"]
[Round "8.217"]
[White "Horton, Jamie A"]
[Black "James, Stephen B"]
[Result "0-1"]
[WhiteElo "2045"]
[BlackElo "1988"]
[PlyCount "92"]
[EventDate "2015.03.29"]
[WhiteTeam "3Cs"]
[BlackTeam "Grantham Sharks 2"]

1. d4 Nf6 2. Bf4 g6 3. Nf3 Bg7 4. e3 O-O 5. Be2 d6 6. O-O c5 7. c3 Be6 8. Nbd2
Qb6 9. Qc1 Nc6 10. h3 cxd4 11. Nxd4 Nxd4 12. exd4 Rac8 13. Re1 Nd5 14. Be3 Nxe3
15. fxe3 a6 16. a4 Bh6 17. Bd3 Qc7 18. a5 Bd7 19. Qd1 Bc6 20. c4 e6 21. b4 Bd7
22. Qf3 f5 23. Bf1 Kh8 24. Rad1 Rce8 25. Qf2 e5 26. d5 Rc8 27. Rc1 Qd8 28. Nf3
g5 29. Qd2 g4 30. Nh2 Rg8 31. Kh1 Qh4 32. Re2 f4 33. exf4 Bxf4 34. Qc3 gxh3 35.
gxh3 Rg3 36. Qe1 Qg5 37. Bg2 Bxc1 38. Nf3 Rxf3 39. Bxf3 Rxc4 40. Rg2 Qh6 41.
Be4 Rxe4 42. Qxe4 Qxh3+ 43. Kg1 Be3+ 44. Kf1 Bb5+ 45. Ke1 Qh1+ 46. Rg1 Qxg1#
0-1

[Event "4NCL Division 2c"]
[Site "Birmingham Airport ENG"]
[Date "2015.03.29"]
[Round "8.221"]
[White "Lim, Zhuo Ren"]
[Black "Gantner, Matthias"]
[Result "1/2-1/2"]
[WhiteElo "2240"]
[BlackElo "2251"]
[PlyCount "150"]
[EventDate "2015.03.29"]
[WhiteTeam "Sussex Martlets 1"]
[BlackTeam "White Rose 2"]

1. Nf3 Nf6 2. c4 d6 3. d4 Bg4 4. g3 c6 5. Bg2 Nbd7 6. Nc3 e5 7. h3 Bxf3 8. exf3
Be7 9. O-O O-O 10. f4 exd4 11. Qxd4 Qb6 12. Be3 Qxd4 13. Bxd4 Nb6 14. b3 Nfd7
15. Rad1 a5 16. Rfe1 Rfe8 17. Re2 Bf8 18. Rxe8 Rxe8 19. Be4 Nc5 20. Bc2 Be7 21.
Re1 Nbd7 22. Kg2 h6 23. f5 Kf8 24. f4 Bf6 25. Rxe8+ Kxe8 26. Bxf6 Nxf6 27. g4
Nfd7 28. Kf3 f6 29. Ke3 Ke7 30. Kd4 Na6 31. a3 Ndc5 32. Ne2 Nc7 33. Ng3 b5 34.
Nh5 bxc4 35. bxc4 Ne8 36. Bd1 Na6 37. Bf3 Kd7 38. h4 Nc5 39. g5 hxg5 40. fxg5
fxg5 41. hxg5 Kc7 42. Nf4 Kd7 43. Nh5 Kc7 44. Bg4 Kd8 45. Ke3 Nd7 46. Nxg7 Nxg7
47. f6 Ne8 48. f7 Nf8 49. fxe8=Q+ Kxe8 50. Bf5 Ke7 51. Be4 Ne6 52. g6 Kf6 53.
Bxc6 Kxg6 54. Ke4 Nc7 55. Ba4 Kf6 56. Bd1 Ke7 57. Bg4 d5+ 58. Kd4 dxc4 59. Kxc4
Kd6 60. Bf3 Ne6 61. Bh1 Kc7 62. Kb5 a4 63. Kxa4 Kb6 64. Kb4 Nc5 65. Bd5 Na6+
66. Kc3 Nc5 67. Kc4 Na6 68. Bf3 Nc5 69. Be2 Na6 70. Bf1 Nc5 71. Kb4 Na6+ 72.
Bxa6 Kxa6 73. a4 Kb6 74. a5+ Ka7 75. a6 Kxa6 1/2-1/2

[Event "4NCL Division 2c"]
[Site "Birmingham Airport ENG"]
[Date "2015.03.29"]
[Round "8.222"]
[White "Shaw, Peter"]
[Black "Hoare, Amy B"]
[Result "1-0"]
[WhiteElo "2160"]
[BlackElo "2071"]
[PlyCount "93"]
[EventDate "2015.03.29"]
[WhiteTeam "White Rose 2"]
[BlackTeam "Sussex Martlets 1"]

1. d4 d5 2. c4 e6 3. Nc3 Nf6 4. Bg5 Be7 5. e3 O-O 6. Nf3 Nbd7 7. Rc1 c6 8. a3
a5 9. Bd3 dxc4 10. Bxc4 Nd5 11. Bxe7 Qxe7 12. O-O Nxc3 13. Rxc3 e5 14. Bb3 e4
15. Nd2 Nf6 16. Qb1 Bg4 17. Bc2 Rfe8 18. h3 Be2 19. Rc1 g6 20. Re1 Bb5 21. a4
Ba6 22. Bb3 Bd3 23. Qa2 Kg7 24. Rec1 Rad8 25. Nf1 Nd5 26. Bxd5 Rxd5 27. Rc5
Red8 28. Nd2 Qe6 29. R1c3 Qe7 30. Qb3 Ba6 31. Qb6 Rg5 32. Rxg5 Qxg5 33. Nxe4
Qe7 34. Nc5 Be2 35. Qxb7 Qxb7 36. Nxb7 Rb8 37. Nxa5 Rxb2 38. Nxc6 Ra2 39. a5
Bb5 40. d5 Kf6 41. e4 Ra4 42. f3 Kg7 43. Rc5 Ba6 44. d6 Bc8 45. Nb8 Be6 46. d7
Rd4 47. Rd5 1-0

[Event "4NCL Division 2c"]
[Site "Birmingham Airport ENG"]
[Date "2015.03.29"]
[Round "8.223"]
[White "Bucher, Grant W"]
[Black "Adams, David"]
[Result "1/2-1/2"]
[WhiteElo "2087"]
[BlackElo "2220"]
[PlyCount "26"]
[EventDate "2015.03.29"]
[WhiteTeam "Sussex Martlets 1"]
[BlackTeam "White Rose 2"]

1. e4 d6 2. Nc3 Nf6 3. f4 d5 4. e5 d4 5. exf6 dxc3 6. fxg7 cxd2+ 7. Qxd2 Qxd2+
8. Bxd2 Bxg7 9. O-O-O Bg4 10. Be2 Bxe2 11. Nxe2 Nc6 12. Bc3 Bxc3 13. Nxc3 Rg8
1/2-1/2

[Event "4NCL Division 2c"]
[Site "Birmingham Airport ENG"]
[Date "2015.03.29"]
[Round "8.224"]
[White "Burnett, Jim"]
[Black "Payne, Matthew J"]
[Result "0-1"]
[WhiteElo "2121"]
[BlackElo "2000"]
[PlyCount "76"]
[EventDate "2015.03.29"]
[WhiteTeam "White Rose 2"]
[BlackTeam "Sussex Martlets 1"]

1. d4 Nf6 2. c4 g6 3. Nc3 Bg7 4. e4 d6 5. Nf3 O-O 6. h3 e5 7. d5 a5 8. Be2 Na6
9. Be3 Nh5 10. Nh2 Nf4 11. Bf3 Nc5 12. Qc2 Nfd3+ 13. Kf1 f5 14. Rd1 fxe4 15.
Nxe4 Nb4 16. Qb1 Nxe4 17. Bxe4 b6 18. Nf3 Ba6 19. b3 b5 20. a3 bxc4 21. axb4
cxb3+ 22. Kg1 a4 23. Qb2 Bc4 24. Qa3 Qd7 25. Kh2 Qb5 26. Bc1 c6 27. dxc6 d5 28.
Bb1 e4 29. Nd4 Bxd4 30. Rxd4 Rxf2 31. c7 Qb6 32. Rxc4 dxc4 33. Re1 Qxc7+ 34.
Kg1 Qg3 35. Bxe4 Ra2 36. Bd5+ Kh8 37. Re3 Qf2+ 38. Kh1 Rxa3 0-1

[Event "4NCL Division 2c"]
[Site "Birmingham Airport ENG"]
[Date "2015.03.29"]
[Round "8.225"]
[White "Howell, Chris I"]
[Black "Arnott, Jonathan W"]
[Result "0-1"]
[WhiteElo "2039"]
[BlackElo "2166"]
[PlyCount "48"]
[EventDate "2015.03.29"]
[WhiteTeam "Sussex Martlets 1"]
[BlackTeam "White Rose 2"]

1. e4 e6 2. d4 d5 3. Nd2 Nf6 4. e5 Nfd7 5. Bd3 c5 6. c3 Nc6 7. Ne2 cxd4 8. cxd4
f6 9. Nf4 Nxd4 10. Qh5+ Ke7 11. Ng6+ hxg6 12. exf6+ Nxf6 13. Qxh8 Kf7 14. Qh4
e5 15. Nf3 e4 16. Ng5+ Kg8 17. Bb1 Bb4+ 18. Kd1 Bg4+ 19. f3 exf3 20. h3 Qe7 21.
Be4 fxg2+ 22. hxg4 gxh1=Q+ 23. Qxh1 dxe4 24. Qf1 Qc7 0-1

[Event "4NCL Division 2c"]
[Site "Birmingham Airport ENG"]
[Date "2015.03.29"]
[Round "8.226"]
[White "Weller, Pierre"]
[Black "Brewer, Callum D"]
[Result "0-1"]
[WhiteElo "2060"]
[BlackElo "1915"]
[PlyCount "88"]
[EventDate "2015.03.29"]
[WhiteTeam "White Rose 2"]
[BlackTeam "Sussex Martlets 1"]

1. d4 Nf6 2. c4 e6 3. Nc3 Bb4 4. f3 d5 5. a3 Bxc3+ 6. bxc3 c5 7. cxd5 Nxd5 8.
dxc5 Qa5 9. e4 Ne7 10. Be3 Qxc3+ 11. Kf2 Nbc6 12. Qc1 Qf6 13. Bb5 O-O 14. Ne2
e5 15. Rd1 Be6 16. Rd6 h6 17. Qb2 Rad8 18. Rad1 Nc8 19. Rxd8 Rxd8 20. Rxd8+
Nxd8 21. Kg1 Qh4 22. Ng3 Qf6 23. f4 Nc6 24. f5 Bd7 25. Ba4 b6 26. Qd2 Be8 27.
Qf2 bxc5 28. Nh5 Qd6 29. f6 g6 30. Ng7 Bd7 31. Bxc5 Qd3 32. Bc2 Qc3 33. h3 Nd4
34. Bxd4 exd4 35. Qe2 Nd6 36. Bd3 Qc1+ 37. Qf1 Qe3+ 38. Kh1 Nxe4 39. Qb1 Nf2+
40. Kh2 Nxd3 41. Qb8+ Kh7 42. Qd8 Qf4+ 43. Kg1 Qf2+ 44. Kh1 Bc6 0-1

[Event "4NCL Division 2c"]
[Site "Birmingham Airport ENG"]
[Date "2015.03.29"]
[Round "8.227"]
[White "Twigge-Molecey, Billy"]
[Black "Slade, Theo"]
[Result "1-0"]
[WhiteElo "1853"]
[BlackElo "1927"]
[PlyCount "59"]
[EventDate "2015.03.29"]
[WhiteTeam "Sussex Martlets 1"]
[BlackTeam "White Rose 2"]

1. e4 e6 2. d4 d5 3. Nc3 Nf6 4. Bg5 Bb4 5. e5 h6 6. Bd2 Bxc3 7. bxc3 Ne4 8. Qg4
g6 9. Bc1 c5 10. Bd3 Nxc3 11. dxc5 Nc6 12. Nf3 Qa5 13. O-O Qxc5 14. Qh4 Qe7 15.
Bg5 Qb4 16. Qh3 h5 17. Bf6 Rg8 18. Ng5 Bd7 19. Nh7 Rc8 20. Bg5 Nxe5 21. Nf6+
Kf8 22. Nh7+ Ke8 23. a3 Qd6 24. Nf6+ Kf8 25. Bf4 Ke7 26. Qg3 Qb6 27. Nxg8+ Rxg8
28. Bxe5 Bb5 29. Bxc3 Bxd3 30. cxd3 1-0

[Event "4NCL Division 2c"]
[Site "Birmingham Airport ENG"]
[Date "2015.03.29"]
[Round "8.228"]
[White "Vrba, Michal"]
[Black "Graham, William M"]
[Result "0-1"]
[WhiteElo "2018"]
[BlackElo "1845"]
[PlyCount "194"]
[EventDate "2015.03.29"]
[WhiteTeam "White Rose 2"]
[BlackTeam "Sussex Martlets 1"]

1. e4 e6 2. d4 d5 3. Nc3 Nf6 4. e5 Nfd7 5. f4 c5 6. Nf3 Nc6 7. Be3 Qb6 8. Na4
Qa5+ 9. c3 cxd4 10. b4 Nxb4 11. cxb4 Bxb4+ 12. Bd2 Bxd2+ 13. Nxd2 b5 14. Nb2
Nb6 15. a4 Qc3 16. Bxb5+ Bd7 17. Qb3 O-O 18. Rb1 Rab8 19. Nd1 Qc5 20. Qd3 Rfd8
21. Ke2 Nc4 22. Bxd7 Rxb1 23. Qxb1 Nxd2 24. Qb5 Ne4 25. Qxc5 Nxc5 26. Bb5 Rb8
27. Nf2 a6 28. Bd3 Rb2+ 29. Kf3 Rb3 30. Rc1 Rc3 31. Rb1 g6 32. Ke2 Ra3 33. Rb4
Nxa4 34. Rxd4 Nc5 35. Ke3 a5 36. Nd1 Nb3 37. Nc3 Nxd4 38. Kxd4 Rb3 39. Bc2 Rb4+
40. Kd3 Rxf4 41. Ke3 Rb4 42. Na4 Kg7 43. Bd1 Re4+ 44. Kd3 Rxe5 45. Nc5 Re1 46.
Kd2 Rg1 47. Bf3 Rb1 48. Kc2 Rb4 49. Nd3 Rb6 50. Ne5 f6 51. Nd3 Kf7 52. Nb2 Ke7
53. Na4 Rb4 54. Nc3 Kd6 55. h3 a4 56. Be2 a3 57. Nb5+ Kc5 58. Nxa3 Rf4 59. Kd3
e5 60. Nb1 Rf2 61. g4 Rh2 62. Bf1 f5 63. gxf5 gxf5 64. Nd2 f4 65. Nb3+ Kb4 66.
Nd2 e4+ 67. Nxe4 dxe4+ 68. Kxe4 Kc3 69. Ba6 Rxh3 70. Kxf4 Rh6 71. Bb7 Rg6 72.
Be4 Rg7 73. Ke3 h5 74. Kf2 Kd2 75. Bg2 h4 76. Kf1 Ke3 77. Kg1 Ke2 78. Kh2 Rg3
79. Bb7 Kf2 80. Bc8 Kf3 81. Bb7+ Kg4 82. Bc8+ Kg5 83. Bd7 Rd3 84. Bc8 Rd2+ 85.
Kh3 Kf4 86. Ba6 Rc2 87. Bb7 Kg5 88. Bd5 Rc3+ 89. Kh2 Kf5 90. Bg8 h3 91. Bf7 Kg5
92. Be6 Kh4 93. Bf5 Re3 94. Bc8 Re2+ 95. Kg1 Kg3 96. Ba6 Re1+ 97. Bf1 h2+ 0-1

[Event "4NCL Division 2c"]
[Site "Birmingham Airport ENG"]
[Date "2015.03.29"]
[Round "8.231"]
[White "Hill, Alistair"]
[Black "Carleton, John J"]
[Result "0-1"]
[WhiteElo "2126"]
[BlackElo "2251"]
[PlyCount "88"]
[EventDate "2015.03.29"]
[WhiteTeam "Cambridge University 2"]
[BlackTeam "Spirit of Atticus A"]

1. e4 c6 2. Nf3 d5 3. Nc3 dxe4 4. Nxe4 Nf6 5. Nxf6+ gxf6 6. d4 Bg4 7. Be2 Nd7
8. c4 e6 9. Be3 Nb6 10. Nd2 Bf5 11. O-O Qc7 12. a4 a5 13. Nb3 Bb4 14. Bd2 Qe7
15. Qe1 Bxd2 16. Qxd2 Qb4 17. Qxb4 axb4 18. Nc5 O-O-O 19. Rfd1 Nd7 20. Nd3 Bxd3
21. Rxd3 c5 22. Rad1 cxd4 23. Rxd4 Nc5 24. Rxd8+ Rxd8 25. Rxd8+ Kxd8 26. Bd1 b6
27. b3 Ke7 28. Kf1 f5 29. Bc2 Kd6 30. Ke2 Ke5 31. g3 Kd4 32. Kd2 h6 33. f4 f6
34. h3 Nb7 35. Bd3 Nc5 36. Bc2 e5 37. fxe5 fxe5 38. Bxf5 Nxb3+ 39. Kc2 Nc5 40.
g4 e4 41. h4 Ke5 42. Bg6 Kf4 43. g5 hxg5 44. hxg5 e3 0-1

[Event "4NCL Division 2c"]
[Site "Birmingham Airport ENG"]
[Date "2015.03.29"]
[Round "8.232"]
[White "Lund, Brett"]
[Black "Makarov, Alexander"]
[Result "1-0"]
[WhiteElo "2260"]
[BlackElo "2134"]
[PlyCount "61"]
[EventDate "2015.03.29"]
[WhiteTeam "Spirit of Atticus A"]
[BlackTeam "Cambridge University 2"]

1. c4 e5 2. g3 Nc6 3. Bg2 d6 4. Nc3 g6 5. e4 Bg7 6. Nge2 Be6 7. d3 Qd7 8. Nd5
h6 9. O-O Nge7 10. Be3 Nd4 11. Nxd4 exd4 12. Bd2 Bxd5 13. cxd5 c6 14. dxc6 bxc6
15. b4 O-O 16. Rc1 Kh7 17. f4 Rac8 18. h4 h5 19. f5 Ng8 20. Bh3 Qe7 21. fxg6+
fxg6 22. Bxc8 Rxc8 23. Bg5 Qe6 24. Qe2 Nf6 25. Bxf6 Bxf6 26. Rf3 Rc7 27. Rcf1
Be5 28. Qf2 Qh3 29. Rf7+ Rxf7 30. Qxf7+ Bg7 31. Rf3 1-0

[Event "4NCL Division 2c"]
[Site "Birmingham Airport ENG"]
[Date "2015.03.29"]
[Round "8.234"]
[White "Smith, Andrew P"]
[Black "Robertson, Stuart"]
[Result "0-1"]
[WhiteElo "2132"]
[BlackElo "2094"]
[PlyCount "104"]
[EventDate "2015.03.29"]
[WhiteTeam "Spirit of Atticus A"]
[BlackTeam "Cambridge University 2"]

1. e4 c5 2. Nf3 Nc6 3. d4 cxd4 4. Nxd4 Nf6 5. Nc3 e5 6. Ndb5 d6 7. Bg5 a6 8.
Na3 b5 9. Nd5 Be7 10. Bxf6 Bxf6 11. c3 O-O 12. Nc2 Bg5 13. a4 bxa4 14. Rxa4 a5
15. Bc4 Rb8 16. b3 Kh8 17. Nce3 g6 18. h4 Bxh4 19. g3 Bg5 20. f4 exf4 21. gxf4
Bh4+ 22. Kd2 Ne7 23. Rxh4 Nxd5 24. Qh1 Nf6 25. Kc1 h5 26. Ra2 Kg7 27. f5 Qb6
28. Qf3 Ba6 29. Bd5 Rfc8 30. Rc2 Nxd5 31. Nxd5 Qg1+ 32. Kd2 Qg5+ 33. Rf4 gxf5
34. Qe3 Rxb3 35. Qd4+ f6 36. Rc1 Rb2+ 37. Kd1 Be2+ 38. Ke1 Qg3+ 39. Qf2 Qh3 40.
Qg1+ Bg4 41. Rf2 Qh4 42. Ne7 Re2+ 43. Kf1 Qh3+ 44. Qg2 Rxf2+ 45. Kxf2 Qxg2+ 46.
Kxg2 Rc5 47. exf5 Bxf5 48. Nxf5+ Rxf5 49. Rd1 a4 50. Rxd6 Ra5 51. Rd2 a3 52.
Ra2 Kf7 0-1

[Event "4NCL Division 2c"]
[Site "Birmingham Airport ENG"]
[Date "2015.03.29"]
[Round "8.235"]
[White "Somerfield, Adrian P"]
[Black "Jackson, Sheila"]
[Result "0-1"]
[WhiteElo "2080"]
[BlackElo "2134"]
[PlyCount "62"]
[EventDate "2015.03.29"]
[WhiteTeam "Cambridge University 2"]
[BlackTeam "Spirit of Atticus A"]

1. d4 Nf6 2. Nf3 e6 3. e3 b6 4. Bd3 Bb7 5. Nbd2 c5 6. c3 d6 7. e4 cxd4 8. cxd4
Nbd7 9. O-O Be7 10. Re1 e5 11. Nf1 O-O 12. Ng3 exd4 13. Nxd4 Nc5 14. Bc2 a6 15.
b4 Ne6 16. Ngf5 d5 17. e5 Bxb4 18. exf6 Bxe1 19. Ne7+ Kh8 20. fxg7+ Nxg7 21.
Qd3 f5 22. Bg5 Bb4 23. Ng6+ hxg6 24. Bxd8 Raxd8 25. g4 Rc8 26. gxf5 Rc3 27. Qd1
gxf5 28. Bxf5 Bc8 29. Bxc8 Rcxc8 30. Rb1 Bc5 31. Qd2 Rf6 0-1

[Event "4NCL Division 2c"]
[Site "Birmingham Airport ENG"]
[Date "2015.03.29"]
[Round "8.236"]
[White "Ackley, Peter J"]
[Black "Gordon-Brown, Alexander J"]
[Result "0-1"]
[WhiteElo "2031"]
[BlackElo "2085"]
[PlyCount "58"]
[EventDate "2015.03.29"]
[WhiteTeam "Spirit of Atticus A"]
[BlackTeam "Cambridge University 2"]

1. h3 d5 2. a3 e5 3. c4 d4 4. d3 c5 5. g4 Nc6 6. Bg2 f5 7. gxf5 Bxf5 8. Bxc6+
bxc6 9. Qa4 Qc7 10. Nd2 Nf6 11. Ngf3 e4 12. Nh4 Bd7 13. Nxe4 Nxe4 14. dxe4 Bd6
15. Qc2 O-O 16. Nf3 Rae8 17. b4 cxb4 18. c5 Be5 19. Nxe5 Qxe5 20. f4 Qxe4 21.
Qxe4 Rxe4 22. axb4 Rfe8 23. Rh2 Be6 24. Rxa7 Bc4 25. e3 Rxf4 26. Bb2 Rf1+ 27.
Kd2 dxe3+ 28. Kc2 Bf7 29. Re2 Rf2 0-1

[Event "4NCL Division 2c"]
[Site "Birmingham Airport ENG"]
[Date "2015.03.29"]
[Round "8.238"]
[White "Robertson, David J"]
[Black "Mandnikar, Atreya"]
[Result "1-0"]
[WhiteElo "1947"]
[BlackElo "1734"]
[PlyCount "77"]
[EventDate "2015.03.29"]
[WhiteTeam "Spirit of Atticus A"]
[BlackTeam "Cambridge University 2"]

1. e4 c5 2. Nf3 Nc6 3. Nc3 g6 4. d4 cxd4 5. Nxd4 Bg7 6. Be3 Nf6 7. Nxc6 bxc6 8.
f3 O-O 9. Qd2 d5 10. O-O-O Be6 11. exd5 Nxd5 12. Nxd5 Qxd5 13. Qxd5 Bxd5 14. c4
Be6 15. Kc2 a5 16. Bd3 a4 17. Bc5 Bf6 18. Bb4 Rfd8 19. Bc3 c5 20. Bxf6 exf6 21.
Be4 Rab8 22. Bd5 Kf8 23. Rhe1 Ke7 24. Re3 Rb6 25. Kc3 Rdd6 26. Rd2 Rd8 27. g3
f5 28. f4 Rdd6 29. Re5 h5 30. Bxe6 fxe6 31. Rxd6 Kxd6 32. b3 axb3 33. axb3 Kc7
34. Rxc5+ Kd6 35. Rc8 e5 36. c5+ Kd7 37. cxb6 Kxc8 38. fxe5 g5 39. e6 1-0

[Event "4NCL Division 2c"]
[Site "Birmingham Airport ENG"]
[Date "2015.03.29"]
[Round "8.241"]
[White "Martin, Andrew"]
[Black "Berry, Neil"]
[Result "1/2-1/2"]
[WhiteElo "2377"]
[BlackElo "2256"]
[PlyCount "29"]
[EventDate "2015.03.29"]
[WhiteTeam "Guildford 3"]
[BlackTeam "Barbican 4NCL Youth"]

1. Nf3 d5 2. d4 Nf6 3. c4 e6 4. Nc3 Bb4 5. cxd5 exd5 6. Qa4+ Nc6 7. Bg5 h6 8.
Bxf6 Qxf6 9. e3 O-O 10. Rc1 Qg6 11. Qd1 Rd8 12. g3 Ne7 13. a3 Bd6 14. Nb5 c6
15. Nxd6 1/2-1/2

[Event "4NCL Division 2c"]
[Site "Birmingham Airport ENG"]
[Date "2015.03.29"]
[Round "8.242"]
[White "O'Donnell, Conor"]
[Black "Povah, Nigel"]
[Result "0-1"]
[WhiteElo "2185"]
[BlackElo "2299"]
[PlyCount "126"]
[EventDate "2015.03.29"]
[WhiteTeam "Barbican 4NCL Youth"]
[BlackTeam "Guildford 3"]

1. e4 c5 2. Nf3 Nc6 3. d4 cxd4 4. Nxd4 e5 5. Nb5 a6 6. Nd6+ Bxd6 7. Qxd6 Qf6 8.
Qxf6 Nxf6 9. Nc3 d5 10. f3 dxe4 11. Nxe4 Nxe4 12. fxe4 Nb4 13. Kd2 Be6 14. c4
Rc8 15. Kc3 Nc6 16. Be3 b5 17. c5 b4+ 18. Kc2 Nd4+ 19. Bxd4 exd4 20. Bxa6 Rxc5+
21. Kd3 Ke7 22. Rhc1 Rxc1 23. Rxc1 Bxa2 24. Kxd4 Rd8+ 25. Ke3 Ra8 26. Bd3 Be6
27. Kd4 Ra2 28. Rc2 b3 29. Re2 Ra4+ 30. Kc3 f6 31. Re3 h6 32. Re1 Kd6 33. Bf1
Ke5 34. Bd3 h5 35. g3 Ra8 36. Rf1 g5 37. Rd1 h4 38. Kb4 hxg3 39. hxg3 Rh8 40.
Rd2 Rh3 41. Rg2 Kd4 42. Bb5 Rh8 43. Rd2+ Ke5 44. Bc6 Rh3 45. Rg2 Rh1 46. Bd5
Bxd5 47. exd5 Kxd5 48. Kxb3 f5 49. Rf2 Ke4 50. Kc4 Rc1+ 51. Kb5 Rg1 52. Re2+
Kf3 53. Re5 Kg4 54. Kc6 Rxg3 55. b4 Rb3 56. b5 f4 57. b6 f3 58. Re8 f2 59. Rf8
Kg3 60. Rf5 g4 61. b7 Rxb7 62. Kxb7 Kg2 63. Rf4 g3 0-1

[Event "4NCL Division 2c"]
[Site "Birmingham Airport ENG"]
[Date "2015.03.29"]
[Round "8.243"]
[White "Granat, Russell"]
[Black "O'Toole, George E"]
[Result "1-0"]
[WhiteElo "2189"]
[BlackElo "2203"]
[PlyCount "61"]
[EventDate "2015.03.29"]
[WhiteTeam "Guildford 3"]
[BlackTeam "Barbican 4NCL Youth"]

1. e4 e5 2. Nf3 Nc6 3. Bb5 a6 4. Ba4 Nf6 5. O-O Be7 6. Re1 b5 7. Bb3 O-O 8. a4
Bb7 9. c3 d5 10. d3 Na5 11. Bc2 dxe4 12. Nxe5 Bd6 13. d4 Re8 14. b4 Nc4 15.
Nxc4 bxc4 16. Bg5 h6 17. Bxf6 Qxf6 18. Nd2 Bf4 19. Nxe4 Bxe4 20. Bxe4 Bxh2+ 21.
Kf1 Rad8 22. Ra2 Kf8 23. Qf3 Qxf3 24. Bxf3 Rxe1+ 25. Kxe1 Bf4 26. Bb7 Rd6 27.
a5 c6 28. Re2 h5 29. Bxa6 c5 30. Bb5 cxd4 31. Re8# 1-0

[Event "4NCL Division 2c"]
[Site "Birmingham Airport ENG"]
[Date "2015.03.29"]
[Round "8.244"]
[White "Sands, David"]
[Black "Kalaiyalahan, Akshaya"]
[Result "1/2-1/2"]
[WhiteElo "2185"]
[BlackElo "2021"]
[PlyCount "74"]
[EventDate "2015.03.29"]
[WhiteTeam "Barbican 4NCL Youth"]
[BlackTeam "Guildford 3"]

1. d4 d5 2. Nf3 Nf6 3. c4 c6 4. e3 Bf5 5. cxd5 cxd5 6. Qb3 Qc7 7. Bd2 e6 8.
Bb5+ Nc6 9. O-O Bd6 10. Bb4 O-O 11. Bxc6 bxc6 12. Bxd6 Qxd6 13. Nbd2 Rab8 14.
Qc3 Rfc8 15. Rfc1 Nd7 16. Nb3 Bg6 17. h3 f6 18. Nfd2 e5 19. Nf1 Rc7 20. Nfd2
Rbc8 21. Nc5 exd4 22. Qxd4 Nxc5 23. Rxc5 Qe7 24. Rac1 Be8 25. b4 Rb8 26. a3
Rcb7 27. Nb3 Rb5 28. R5c3 R8b6 29. Qd2 Ra6 30. Nd4 Rbb6 31. Qe2 Bd7 32. Qd3 Qe8
33. Ra1 Bc8 34. Rac1 Bd7 35. Ra1 Bc8 36. Rac1 Bd7 37. Ra1 Bc8 1/2-1/2

[Event "4NCL Division 2c"]
[Site "Birmingham Airport ENG"]
[Date "2015.03.29"]
[Round "8.245"]
[White "Meyer, Gordon"]
[Black "Stewart, Ashley"]
[Result "1/2-1/2"]
[WhiteElo "2162"]
[BlackElo "2061"]
[PlyCount "81"]
[EventDate "2015.03.29"]
[WhiteTeam "Guildford 3"]
[BlackTeam "Barbican 4NCL Youth"]

1. e4 c5 2. Nf3 g6 3. d4 cxd4 4. Qxd4 Nf6 5. e5 Nc6 6. Qa4 Nd5 7. Qe4 Nc7 8.
Nc3 Bg7 9. Bc4 b5 10. Nxb5 Nxb5 11. Qd5 O-O 12. Bxb5 Bb7 13. O-O Qc7 14. Qc5
Rac8 15. Bf4 Qa5 16. Bd2 Qc7 17. Bf4 Qa5 18. Bd2 Qc7 19. Bxc6 Bxc6 20. Bc3 Qb7
21. Qe3 Be4 22. Ne1 Rb8 23. f3 Bd5 24. Nd3 Rfc8 25. Rf2 Bc4 26. a3 a6 27. Bb4
Bf8 28. b3 Be6 29. Nf4 Bf5 30. c4 a5 31. Bxa5 Qxb3 32. Qxb3 Rxb3 33. Bb4 Rxc4
34. Nd5 d6 35. Rd2 Be6 36. exd6 exd6 37. Nf6+ Kg7 38. Ne8+ Kg8 39. Bxd6 Bxd6
40. Nxd6 Ra4 41. Ne4 1/2-1/2

[Event "4NCL Division 2c"]
[Site "Birmingham Airport ENG"]
[Date "2015.03.29"]
[Round "8.246"]
[White "Goldie, Thomas"]
[Black "Zhang, Anthony"]
[Result "1/2-1/2"]
[WhiteElo "2058"]
[BlackElo "2105"]
[PlyCount "53"]
[EventDate "2015.03.29"]
[WhiteTeam "Barbican 4NCL Youth"]
[BlackTeam "Guildford 3"]

1. e4 c5 2. Nf3 Nc6 3. d4 cxd4 4. Nxd4 e5 5. Nb5 d6 6. N1c3 a6 7. Na3 b5 8. Nd5
Nge7 9. Ne3 Be6 10. c4 b4 11. Nac2 a5 12. b3 g6 13. Nd5 Bg7 14. Bg5 h6 15. Bxe7
Nxe7 16. Nce3 O-O 17. Nxe7+ Qxe7 18. Nd5 Qb7 19. Be2 Bxd5 20. Qxd5 Qxd5 21.
cxd5 Rfc8 22. Bb5 Rc2 23. O-O Rb8 24. Bc4 h5 25. Rfc1 Rxc1+ 26. Rxc1 Rc8 27.
Rc2 1/2-1/2

[Event "4NCL Division 2c"]
[Site "Birmingham Airport ENG"]
[Date "2015.03.29"]
[Round "8.247"]
[White "Osborne, Marcus"]
[Black "Brett, Andrew"]
[Result "1-0"]
[WhiteElo "2192"]
[BlackElo "2110"]
[PlyCount "97"]
[EventDate "2015.03.29"]
[WhiteTeam "Guildford 3"]
[BlackTeam "Barbican 4NCL Youth"]

1. Nf3 c5 2. c4 g6 3. Nc3 Bg7 4. d4 cxd4 5. Nxd4 Nc6 6. Nc2 d6 7. Bd2 Bg4 8. f3
Be6 9. e4 Rc8 10. Rb1 a6 11. Nd5 Nf6 12. Bc3 Ne5 13. Nce3 O-O 14. Be2 Rb8 15.
a4 a5 16. O-O Ned7 17. Qe1 b6 18. Qh4 Bxd5 19. cxd5 Nc5 20. Bb5 e6 21. dxe6
fxe6 22. Rfd1 Qc7 23. Qg3 Rbd8 24. e5 Nd5 25. Nxd5 exd5 26. Rxd5 dxe5 27. Bxe5
Qf7 28. Rxd8 Rxd8 29. Qh4 Qf8 30. Bxg7 Kxg7 31. Re1 h6 32. h3 g5 33. Qc4 Qd6
34. Kh1 Rf8 35. Qc3+ Rf6 36. b3 Ne6 37. Qc8 Nf8 38. Rc1 Ne6 39. Rc6 Qd1+ 40.
Kh2 Qd2 41. Rxe6 Qf4+ 42. Kh1 Rxe6 43. Qxe6 Qc1+ 44. Kh2 Qc7+ 45. Kg1 Qc1+ 46.
Bf1 Qc5+ 47. Kh2 Qc7+ 48. Kh1 Qc1 49. Qc4 1-0